000 00679nam a22002417a 4500
001 25967
003 BD-RjUL
005 20211209050943.0
008 140319s1979 ii 001 0 eng
035 _a(BD-RjUL)26037
040 _aDLC
_cDLC
_beng
_dBD-RjUL
041 _aeng
082 _a954.03
_bSAB 1979
100 1 _aSanyal, Suprakash,
_d1930-
_979791
245 1 0 _aBenares and the English East India Company, 1764-1795 /
_cSuprakash Sanyal.
260 _aCalcutta :
_bWorld Press,
_c1979.
300 _axv, 249 p. ;
_c22 cm.
504 _aIncludes index.
650 _2Company
_aIndia
_979792
942 _2ddc
_cBK
999 _c25967
_d25967